LEADER 01416nam--2200385---450- 001 990005896660203316 005 20131017092326.0 010 $a88-207-3836-8 035 $a000589666 035 $aUSA01000589666 035 $a(ALEPH)000589666USA01 035 $a000589666 100 $a20131011d2005----km-y0itay50------ba 101 0 $aita 102 $aIT 105 $a||||||||001yy 200 1 $aTracce di Vico nella polemica sulle origini delle pandette e delle XII tavole nel Settecento italiano$fdi Fabrizio Lomonaco$gpresentazione di Giuseppe Cacciatore 210 $aNapoli$cLiguori$d2005 215 $aIX, 54 p.$d24 cm 225 2 $aOpuscoli$fFondazione Pietro Piovani per gli studi vichiani$v4 410 0$12001$aOpuscoli$fFondazione Pietro Piovani per gli studi vichiani$v4 600 1$aVico,$bGiambattista$xFortuna$zSec. 18.$2BNCF 676 $a340.54 700 1$aLOMONACO,$bFabrizio$04815 702 1$aCACCIATORE,$bGiuseppe$f<1945-2023> 801 0$aIT$bsalbc$gISBD 912 $a990005896660203316 951 $aII.1.C. 2187$b242817 L.M.$cII.1.C.$d00343469 959 $aBK 969 $aUMA 979 $aPASSARO$b90$c20131011$lUSA01$h1244 979 $aPASSARO$b90$c20131011$lUSA01$h1248 979 $aPASSARO$b90$c20131017$lUSA01$h0923 996 $aTracce di Vico nella polemica sulle origini delle pandette e delle XII tavole nel Settecento italiano$91074021 997 $aUNISA LEADER 04306nam 22006013 450 001 9910309959103321 005 20180914150035.0 010 $a0-472-90112-5 010 $a0-472-12430-7 024 7 $a10.3998/mpub.9946117 035 $a(CKB)4100000007121389 035 $a(MiAaPQ)EBC5566755 035 $a(MiU)10.3998/mpub.9946117 035 $a(OCoLC)1061135733 035 $a(MdBmJHUP)muse71562 035 $a(ScCtBLL)5e70e031-441a-4ed0-a0c4-744ac74f662c 035 $a(oapen)https://directory.doabooks.org/handle/20.500.12854/26978 035 $a(Perlego)2329345 035 $a(ODN)ODN0004370349 035 $a(oapen)doab38834 035 $a(EXLCZ)994100000007121389 100 $a20180912h20182018 uy 0 101 0 $aeng 135 $aurcnu|||||||| 181 $2rdacontent 182 $2rdamedia 183 $2rdacarrier 200 04$aThe many faces of strategic voting $etactical behavior in electoral systems around the world /$fEdited by Laura B. Stephenson, John H. Aldrich, and Andre? Blais 210 1$aAnn Arbor, Michigan :$cUniversity of Michigan Press,$d[2018] 210 4$d{copy}2018 215 $a1 online resource (214 pages) $cillustrations 311 08$a0-472-13102-8 320 $aIncludes bibliographical references. 327 $tStrategic Voting and Political Institutions /$rJohn H. Aldrich, Andre? Blais, and Laura B. Stephenson --$tThe Effect of National and Constituency Expectations on Tactical Voting in the British General Election of 2010 /$rPaul R. Abramson, John H. Aldrich, Abraham Diskin, Aaron M. Houck, Renan Levine, Thomas J. Scotto, and David B. Sparks --$tStrategic Voting in Changing Times: The 2016 Election in Spain /$rIgnacio Lago --$tSupport for Minority Government and Strategic Voting /$rJean-Franc?ois Daoust --$tInformation on Party Strength and Strategic Voting: Evidence of Non-Effects from a Randomized Experiment /$rAndre? Blais, Peter Loewen, Daniel Rubenson, Laura B. Stephenson, and Elisabeth Gidengil --$tExpected Electoral Performance, Candidate Quality, and Voter Strategic Coordination: The Case of Japan /$rCarolina Plescia --$tStrategic Coalition Voting in Belgium: The 2014 Federal and Regional Elections /$rTom Verthe? and Stefanie Beyens --$tVoting Strategically in Two-Vote Elections /$rPhilipp Harfst, Andre? Blais, and Damien Bol --$tStrategic Voting in Multiwinner Elections with Approval Balloting: An Application to the 2011 Regional Government Election in Zurich /$rKarine Van der Straeten, Romain Lachat, and Jean-Franc?ois Laslier --$tSincere Voting, Strategic Voting: A Laboratory Experiment Using Alternative Proportional Systems /$rIsabelle Lebon, Antoinette Baujard, Fre?de?ric Gavrel, Herrade Igersheim, and Jean-Franc?ois Laslier. 330 3 $aVoters do not always choose their preferred candidate on election day. Often they cast their ballots to prevent a particular outcome, as when their own preferred candidate has no hope of winning and they want to prevent another, undesirable candidate's victory; or, they vote to promote a single-party majority in parliamentary systems, when their own candidate is from a party that has no hope of winning. In their thought-provoking book The Many Faces of Strategic Voting, Laura B. Stephenson, John H. Aldrich, and Andre? Blais first provide a conceptual framework for understanding why people vote strategically, and what the differences are between sincere and strategic voting behaviors. Expert contributors then explore the many facets of strategic voting through case studies in Great Britain, Spain, Canada, Japan, Belgium, Germany, Switzerland, and the European Union. 517 3 $aTactical behavior in electoral systems around the world 606 $aVoting research 606 $aVoting$vCase studies 615 0$aVoting research. 615 0$aVoting 676 $a324.9 686 $aPOL000000$aPOL008000$2bisacsh 700 $aAldrich$b John$4edt$0830355 702 $aBlais$b Andre$f1947- 702 $aAldrich$b John H.$f1947- 702 $aStephenson$b Laura Beth$f1976- 712 02$aMichigan Publishing (University of Michigan) 801 0$bMiU 801 1$bMiU 906 $aBOOK 912 $a9910309959103321 996 $aThe many faces of strategic voting$93087118 997 $aUNINA